000 00529nam a2200193Ia 4500
005 20230102094816.0
008 131103s9999 xx 000 0 und d
040 _aLoreto College
041 _aEnglish
082 _a822.09
_bBRU
100 _aBrustein, Robert
245 4 _aThe theatre of revolt
_b an approach to the modern drama
_cRobert Brustein
260 _aLondon
_bMethuen
_c1964
300 _aix,435 p.
504 _aIncludes index
650 _aDrama - Criticism - English Drama
850 _aLCLIB
942 _cBK
999 _c6672
_d57151